| 000 | 00537nam a22001817a 4500 | ||
|---|---|---|---|
| 005 | 20251108170942.0 | ||
| 008 | 250721s1995 xx 000 0 ara d | ||
| 082 | 1 | 4 | _a330.9/أوض |
| 100 | 1 | _aبراون، ليستر أر. | |
| 245 | 1 | 0 | _aأوضاع العالم 1993 / |
| 264 | 1 |
_aعمان : _bدار البشير، _c1995. |
|
| 300 | _a424ص | ||
| 650 | 1 | 7 | _aتاريخ الإقتصاد |
| 700 | 1 |
_aستارك، ليندا _eتحرير |
|
| 700 | 1 |
_aحجاج، علي حسين _eترجمة |
|
| 942 |
_2ddc _cBK |
||
| 999 |
_c52905 _d52905 |
||